A global history of Seventh-day Adventists / (Record no. 25327)
[ view plain ]
| 000 -LEADER | |
|---|---|
| fixed length control field | 01315cam a22003138i 4500 |
| 001 - CONTROL NUMBER | |
| control field | 24090912 |
| 003 - CONTROL NUMBER IDENTIFIER | |
| control field | DLC |
| 005 - DATE AND TIME OF LATEST TRANSACTION | |
| control field | 20260325110305.0 |
| 007 - PHYSICAL DESCRIPTION FIXED FIELD--GENERAL INFORMATION | |
| fixed length control field | t| |
| 008 - FIXED-LENGTH DATA ELEMENTS--GENERAL INFORMATION | |
| fixed length control field | 250318t20262026miu b 001 0 eng |
| 010 ## - LIBRARY OF CONGRESS CONTROL NUMBER | |
| LC control number | 2025011324 |
| 020 ## - INTERNATIONAL STANDARD BOOK NUMBER | |
| International Standard Book Number | 9780802879387 |
| Qualifying information | paperback |
| 020 ## - INTERNATIONAL STANDARD BOOK NUMBER | |
| Cancelled/invalid ISBN | 9781467462969 |
| Qualifying information | epub |
| 035 ## - SYSTEM CONTROL NUMBER | |
| System control number | (DLC)24090912 |
| 040 ## - CATALOGING SOURCE | |
| Original cataloging agency | DLC |
| Language of cataloging | eng |
| Description conventions | rda |
| Transcribing agency | DLC |
| Modifying agency | DLC-MRC |
| -- | DLC |
| -- | DLC-MRC |
| -- | DLC |
| 042 ## - AUTHENTICATION CODE | |
| Authentication code | pcc |
| 050 00 - LIBRARY OF CONGRESS CALL NUMBER | |
| Classification number | BX6115.2 |
| Item number | .C364 2026 |
| 100 1# - MAIN ENTRY--PERSONAL NAME | |
| Personal name | Campbell, Michael W. |
| Titles and other words associated with a name | (Teacher of Systematic Theology) |
| Relator term | author |
| Relator code | aut |
| -- | http://id.loc.gov/vocabulary/relators/aut |
| 245 12 - TITLE STATEMENT | |
| Title | A global history of Seventh-day Adventists / |
| Statement of responsibility, etc | Michael W. Campbell and Edward Martin Allen. |
| 260 ## - PUBLICATION, DISTRIBUTION, ETC. (IMPRINT) | |
| Place of publication, distribution, etc | Grand Rapids, MI |
| Name of publisher, distributor, etc | William B. Eerdmans |
| Date of publication, distribution, etc | 2026 |
| 263 ## - PROJECTED PUBLICATION DATE | |
| Projected publication date | 2602 |
| 300 ## - PHYSICAL DESCRIPTION | |
| Extent | 326 pages; |
| Dimensions | 23 cm |
| 504 ## - BIBLIOGRAPHY, ETC. NOTE | |
| Bibliography, etc | Includes bibliographical references and index. |
| 520 ## - SUMMARY, ETC. | |
| Summary, etc | "A history of the rise of Seventh-day Adventism from its origins in nineteenth-century America to its emergence as a contemporary world religion"-- Provided by publisher. |
| 650 #0 - SUBJECT ADDED ENTRY--TOPICAL TERM | |
| Topical term or geographic name as entry element | Seventh-Day Adventists |
| General subdivision | History |
| 700 1# - ADDED ENTRY--PERSONAL NAME | |
| Personal name | Allen, Edward Martin, |
| Dates associated with a name | 1953- |
| Relator term | author |
| Relator code | http://id.loc.gov/vocabulary/relators/aut |
| 906 ## - LOCAL DATA ELEMENT F, LDF (RLIN) | |
| a | 7 |
| b | cbc |
| c | orignew |
| d | 1 |
| e | ecip |
| f | 20 |
| g | y-gencatlg |
| 942 ## - ADDED ENTRY ELEMENTS (KOHA) | |
| Source of classification or shelving scheme | Library of Congress Classification |
| Koha item type | Books |
| Classification part | BX6115.2 |
| Item part | .C363 2026 |
| Withdrawn status | Lost status | Source of classification or shelving scheme | Damaged status | Not for loan | Collection code | Home library | Current library | Shelving location | Date acquired | Serial Enumeration / chronology | Total Checkouts | Full call number | Date last seen | Copy number | Price effective from | Koha item type |
|---|---|---|---|---|---|---|---|---|---|---|---|---|---|---|---|---|
| Library of Congress Classification | Books | Judith Thomas Library | Judith Thomas Library | EGW Estate Branch Office | 25/03/2026 | 1333 | BX6115.2 .C363 2026 | 25/03/2026 | 1 | 25/03/2026 | Books |